<?xml version="1.0" encoding="UTF-8"?>
<record
    xmlns:xsi="http://www.w3.org/2001/XMLSchema-instance"
    xsi:schemaLocation="http://www.loc.gov/MARC21/slim http://www.loc.gov/standards/marcxml/schema/MARC21slim.xsd"
    xmlns="http://www.loc.gov/MARC21/slim">

  <leader>05698nab a2200373 i 4500</leader>
  <controlfield tag="003">BR-BrBNA</controlfield>
  <controlfield tag="005">20250203174656.0</controlfield>
  <controlfield tag="008">250203b2017    bl.mr|pooa||| 00| 0 eng |</controlfield>
  <datafield tag="040" ind1=" " ind2=" ">
    <subfield code="a">BR-BrBNA</subfield>
    <subfield code="b">eng</subfield>
  </datafield>
  <datafield tag="072" ind1=" " ind2=" ">
    <subfield code="a">L73</subfield>
    <subfield code="b">5213</subfield>
  </datafield>
  <datafield tag="100" ind1=" " ind2=" ">
    <subfield code="a">Magalh&#xE3;es, Layane Queiroz </subfield>
  </datafield>
  <datafield tag="100" ind1=" " ind2=" ">
    <subfield code="a">Baptista, Anderson Lopes </subfield>
  </datafield>
  <datafield tag="100" ind1=" " ind2=" ">
    <subfield code="a">Fonseca, Pedro de Almeida </subfield>
  </datafield>
  <datafield tag="100" ind1=" " ind2=" ">
    <subfield code="a">Menezes, Guilherme Lobato</subfield>
  </datafield>
  <datafield tag="100" ind1=" " ind2=" ">
    <subfield code="a">Nogueira, Geison Morel </subfield>
  </datafield>
  <datafield tag="100" ind1=" " ind2=" ">
    <subfield code="a">Headley, Selwyn Arlington </subfield>
  </datafield>
  <datafield tag="100" ind1=" " ind2=" ">
    <subfield code="a">Fritzen, Juliana Torres Tomazi </subfield>
  </datafield>
  <datafield tag="100" ind1=" " ind2=" ">
    <subfield code="a">Alfieri, Amauri Alcindo </subfield>
  </datafield>
  <datafield tag="100" ind1=" " ind2=" ">
    <subfield code="a">Saut, Jo&#xE3;o Paulo Elsen </subfield>
  </datafield>
  <datafield tag="245" ind1=" " ind2=" ">
    <subfield code="a">Use of metaphylactic protocols based on the risk to develop bovine respiratory diseases in feedlot cattle</subfield>
  </datafield>
  <datafield tag="500" ind1=" " ind2=" ">
    <subfield code="a">Publica&#xE7;&#xE3;o on-line; 25 ref.; Sumaries (En, Pt)</subfield>
  </datafield>
  <datafield tag="520" ind1=" " ind2=" ">
    <subfield code="a">

ABSTRACT - Bovine respiratory diseases (BRD) affect production rates negatively because it compromise health and well-being of the affected animal. The hypothesis of this study was that the use of metaphylactic protocols based on the risk to develop BRD would reduce morbidity and pulmonary lesions. For this purpose, the aims of this study were to evaluate the effect of two metaphylactic protocols on the morbidity of feedlot cattle with a known sanitary history, occurrence of pulmonary lesions at slaughter, and the possible participation of Mannheimia haemolytica, Histophilus somni, Bovine alphaherpesvirus 1 (BoHV-1) and bovine respiratory syncytial virus (BRSV) in the development of BRD. An experimental study was designed in which 3,094 adult, male, cattle, were grouped according to the risk to develop BRD: a) group without metaphylaxis (n=2,104), low-risk animals; b) metaphylaxis group with oxytetracycline (n=789), moderate-risk animals; c) metaphylaxis group with tildipirosin (n=201), high-risk animals. All cattle were immunized against pathogens associated with BRD (BoHV-1, BVDV, BRSV, PI3). The morbidity for BRD was 8.2% (253/3,094); cattle within the moderate-risk group for BRD had the lowest frequency (6.1%), followed by high-risk animals with tildipirosin metaphylaxis (6.5%) and low-risk without metaphylaxis (9.1%) (P=0.019). At the abattoir, 1.2% of lungs with lesions were found. There was a difference (P=0.036) in the frequency of pulmonary lesions between healthy animals (1.1%) and those diagnosed with BRD (2.8%). Two agents associated with BRD were identified by PCR assays in the lungs (n=37) of cattle: M. haemolytica (16.2%) and H. somni (5.4%). In addition, concomitant infections involving these pathogens were identified in the lungs of two steers. These results demonstrate that the use of metaphylactic protocols, based on the risk to develop BRD, reduces morbidity and pulmonary lesions in affected cattle. Furthermore, pulmonary lesions were more frequent in animals with a history of BRD.

Key words: Histophilus somni, Mannheimia haemolytica, pulmonary lesions.</subfield>
  </datafield>
  <datafield tag="520" ind1=" " ind2=" ">
    <subfield code="a">

RESUMO - As doen&#xE7;as respirat&#xF3;rias dos bovinos (DRB) afetam negativamente as taxas de produ&#xE7;&#xE3;o por comprometer a sa&#xFA;de e o bem-estar animal. A hip&#xF3;tese deste estudo foi que o uso de protocolos metafil&#xE1;ticos com base no risco de desenvolvimento de DRB reduziria a morbidade e as les&#xF5;es pulmonares ao abate. Para tanto, objetivou-se avaliar o efeito de dois protocolos metafil&#xE1;ticos sobre a morbidade de bovinos confinados com hist&#xF3;rico sanit&#xE1;rio conhecido, ocorr&#xEA;ncia de les&#xF5;es pulmonares no abate e poss&#xED;vel participa&#xE7;&#xE3;o de Mannheimia haemolytica, Histophilus somni, Alphaherpesv&#xED;rus bovino 1 (BoHV-1) e V&#xED;rus respirat&#xF3;rio sincicial bovino (BRSV) na DRB. Foram avaliados 3.094 bovinos adultos, machos, agrupados de acordo com o risco de desenvolvimento de DRB: a) grupo sem metafilaxia (n=2.104), animais de baixo risco; b) grupo metafilaxia com oxitetraciclina (n=789), animais de risco moderado; c) grupo metafilaxia com tildipirosina (n=201), animais de alto risco. Todos os animais foram previamente vacinados contra os principais agentes virais causadores das DRB (BoHV-1, BVDV, BRSV e PI3). A morbidade para DRB foi de 8,2% com menor frequ&#xEA;ncia em animais com risco moderado e metafilaxia com oxitetraciclina (6,1%), seguido por animais com alto risco com metafilaxia com tildipirosina (6,5%) e animais com baixo risco sem metafilaxia (9,1%) (P=0,019). No frigor&#xED;fico, foram encontrados 1,2% 1,2% de animais com les&#xF5;es pulmonares. Houve diferen&#xE7;a (P=0,036) na frequ&#xEA;ncia de les&#xF5;es pulmonares entre animais saud&#xE1;veis (1,1%) e aqueles diagnosticados com DRB (2,8%). Foram identificados dois agentes associados &#xE0; DRB pela t&#xE9;cnica de PCR nos pulm&#xF5;es (n=37) dos bovinos: M. haemolytica (16,2%) e H. somni (5,4%). Adicionalmente, infec&#xE7;&#xF5;es concomitantes envolvendo estes potenciais pat&#xF3;genos foram identificadas nos pulm&#xF5;es de dois animais. Concluiu-se que o uso de protocolos metafil&#xE1;ticos, com base no risco de desenvolvimento de DRB, reduziu a morbidade e a ocorr&#xEA;ncia de les&#xF5;es pulmonares nos bovinos acometidos que foram identificadas com maior frequ&#xEA;ncia em animais com hist&#xF3;rico de DRB.

Palavras-chave: Histophilus somni, Mannheimia haemolytica, les&#xF5;es pulmonares.</subfield>
  </datafield>
  <datafield tag="650" ind1=" " ind2=" ">
    <subfield code="a">GADO DE CORTE</subfield>
  </datafield>
  <datafield tag="650" ind1=" " ind2=" ">
    <subfield code="a">CONFINAMENTO</subfield>
  </datafield>
  <datafield tag="650" ind1=" " ind2=" ">
    <subfield code="a">DOEN&#xC7;A ANIMAL</subfield>
  </datafield>
  <datafield tag="650" ind1=" " ind2=" ">
    <subfield code="a">PAT&#xD3;GENO</subfield>
  </datafield>
  <datafield tag="650" ind1=" " ind2=" ">
    <subfield code="a">LES&#xC3;O</subfield>
  </datafield>
  <datafield tag="650" ind1=" " ind2=" ">
    <subfield code="a">PULM&#xC3;O</subfield>
  </datafield>
  <datafield tag="773" ind1="0" ind2=" ">
    <subfield code="0">2408</subfield>
    <subfield code="9">346534</subfield>
    <subfield code="d">Santa Maria-RS Universidade Federal de Santa Maria - Centro de Ci&#xEA;ncias Rurais 1991</subfield>
    <subfield code="o">2024-7205</subfield>
    <subfield code="t">Ci&#xEA;ncia Rural (Brazil)</subfield>
    <subfield code="x">0103-8478   Vers&#xE3;o online ISSN 1678-4596</subfield>
    <subfield code="g">v. 47(8) p. 1-6; (2017)</subfield>
    <subfield code="w">BR2024004305</subfield>
  </datafield>
  <datafield tag="856" ind1=" " ind2=" ">
    <subfield code="u">https://www.scielo.br/j/cr/a/ZH5JQtbYptrZCRtXvYn4h7j/?format=pdf&amp;lang=en</subfield>
  </datafield>
  <datafield tag="942" ind1=" " ind2=" ">
    <subfield code="c">ANA</subfield>
  </datafield>
  <datafield tag="999" ind1=" " ind2=" ">
    <subfield code="c">329798</subfield>
    <subfield code="d">329798</subfield>
  </datafield>
</record>
